| 000 | 00635cam a2200145 4500500 | ||
|---|---|---|---|
| 005 | 20260111142330.0 | ||
| 041 | _afre | ||
| 042 | _adc | ||
| 100 | 1 | 0 |
_aMoureau, François _eauthor |
| 245 | 0 | 0 | _aPierre Baron , Louis Lécluze (1711-1792). Acteur, auteur poissard, chirurgien-dentiste et entrepreneur de spectacles, Paris, Honoré Champion, coll. « Les Dix-huitièmes siècles », 2019 + 16 ill. |
| 260 | _c2021. | ||
| 500 | _a56 | ||
| 786 | 0 | _nDix-huitième siècle | 53 | 1 | 2021-06-28 | p. XCV-XCV | 0070-6760 | |
| 856 | 4 | 1 | _uhttps://shs.cairn.info/revue-dix-huitieme-siecle-2021-1-page-XCV?lang=fr&redirect-ssocas=7080 |
| 999 |
_c1635990 _d1635990 |
||